000 00744cam a2200229 4500
001 ABS63482
008 000000n2001 000 0 eng u
035 _a(Sirsi) u110625
100 _aFreeman, P.
245 4 _aThe numbers game
260 _c2001
490 _aEstates Gazette
_v(0102) 13 January 2001, 140-141(2)
520 _aConsiders how property developers can use development variables to accurately assess the risk associated with, and the value of, a development in order to avoid losses.
590 _aABS
650 _aPROPERTY-COMMERCIAL PROPERTY
650 _aVARIABLES
650 _aPROPERTY DEVELOPMENT
650 _aRISK MANAGEMENT
650 _aUNCERTAINTY
690 _aProperty management
_96262
942 _n0
999 _c65922
_d65922